Zákon o cestovných náhradách zo dňa 4.3.1992 /

Salvato in:
Dettagli Bibliografici
Autore principale: Repáňová, Anna (Autore)
Natura: Libro
Lingua:slovacco
Pubblicazione: Banská Bystrica : Emca consult, 1992
Tags: Aggiungi Tag
Nessun Tag, puoi essere il primo ad aggiungerne!!

MARC

LEADER 00000nam a22000003a 4500
001 stu32121
005 20150617225731.9
008 950320s1992----xo------------------slo-d
020 |a 80-901145-0-4 
040 |a STU  |b slo 
041 0 |a slo 
044 |a xo 
080 |a 331.238  |7 stu_us_auth*stu6936 
100 1 |a Repáňová, Anna  |4 aut 
245 1 |a Zákon o cestovných náhradách zo dňa 4.3.1992 /  |c [aut.] Repáňová,Anna 
260 |a Banská Bystrica :  |b Emca consult,  |c 1992 
300 |a 49 s 
996 |b J88478  |c J*88478  |l JJSK  |s A  |a 24  |w stu32121_0001